Política Exterior de Ronald Reagan. Los primeros cien días de la agresión

Guardat en:
Dades bibliogràfiques
Format: Text
Publicat: México D.F.: Proyecto Lázaro Cárdenas
Edició:1
Etiquetes: Afegir etiqueta
Sense etiquetes, Sigues el primer a etiquetar aquest registre!

MARC

LEADER 00000 a a2200000 04500
001 24880
003
040
090 |a 178900  
245 |a Política Exterior de Ronald Reagan. Los primeros cien días de la agresión  
250 |a 1  
260 |a México D.F.:   |b Proyecto Lázaro Cárdenas  
300 |a pp. 28- 29  
999 |c 1725  |d 1725